| 000 | 00588cam a22002054a 4500 | ||
|---|---|---|---|
| 005 | 20250605164312.0 | ||
| 008 | 250528s ||||||||||||||||||||||||d | ||
| 035 | _a22551 | ||
| 020 | _a9780415050647 | ||
| 040 |
_aGR-AtMCL _bgre _dGR-AtMCL _eAACR2 |
||
| 245 | 1 | _aADVERTISING INTERNATIONAL | |
| 250 | _a1 | ||
| 260 |
_bRouledge, _c1991 |
||
| 300 | _a242 | ||
| 520 | _aTHE GEOSTRATEGY OF THE NETWORKS CULTURE SHOCK THE LIMITS OF THE GLOBAL SCENARIO MEDIA WORLDS THE VANGUARD OF DIREGULATION | ||
| 700 | 1 |
_aMattelart Armand _92122 |
|
| 942 | _cBK | ||
| 999 |
_c7599 _d7599 |
||